Movies Quiz

Random Movies or Disney Quiz
Score 0/12 Timer 03:00
11 Plays Today
% Correct
Ariel
96%
Tiana
94.5%
Jasmine
94.4%
Belle
92.4%
Merida
92%
Pocahontas
73.7%
Snow White
73.3%
Mulan
72.5%
Rapunzel
72.1%
Cinderella
64.9%
Aurora
61.2%
Moana
53.7%
Remove Ads.
Support Sporcle.
Get the best of Sporcle when you Go Orange. This ad-free experience offers more features, more stats, and more fun while also helping to support Sporcle. Thank you for becoming a member.

You're not logged in!

Compare scores with friends on all Sporcle quizzes.
OR
Log In

Sporcle TV

Today on Sporcle TV


Watch our educational content, quiz creation guides, and fun videos on Sporcle TV.

Show Comments

Extras

Top Quizzes Today


Score Distribution

Paid Content

Your Account Isn't Verified!

In order to create a playlist on Sporcle, you need to verify the email address you used during registration. Go to your Sporcle Settings to finish the process.

Report this User

Report this user for behavior that violates our Community Guidelines.

Details: